غالب نامہ : (Record no. 106845)

MARC details
000 -LEADER
fixed length control field 00932nam a22002537a 4500
005 - DATE AND TIME OF LATEST TRANSACTION
control field 20170123162318.0
010 ## - LIBRARY OF CONGRESS CONTROL NUMBER
LC control number A-794793
020 ## - INTERNATIONAL STANDARD BOOK NUMBER
Terms of availability 50.00
035 ## - SYSTEM CONTROL NUMBER
System control number A-794793
037 ## - SOURCE OF ACQUISITION
Source of stock number/acquisition Cen Lib/Ret
040 ## - CATALOGING SOURCE
Original cataloging agency DPL
Language of cataloging UR
082 ## - DEWEY DECIMAL CLASSIFICATION NUMBER
Classification number 841.08
Item number غ ا ل
100 ## - MAIN ENTRY--PERSONAL NAME
Personal name نذیر احمد
9 (RLIN) 115558
245 ## - TITLE STATEMENT
Title غالب نامہ :
Remainder of title نذیر احمد
Statement of responsibility, etc ارو میں عالمی ادبی اور تحقیقی رفتار کا آینہ /
246 ## - VARYING FORM OF TITLE
Title proper/short title Ghalib nama : urdu men almi adabi aur tahqeeqi raftar ka aayina /
Remainder of title by Nazir Ahmad
260 ## - PUBLICATION, DISTRIBUTION, ETC. (IMPRINT)
Place of publication, distribution, etc نیی دہلی
Name of publisher, distributor, etc غالب انسٹیٹیوٹ
Date of publication, distribution, etc 1995
270 ## - ADDRESS
City نیی دہلی
Address ہونے غالب مارگ
Postal code 110002
300 ## - PHYSICAL DESCRIPTION
Extent 254p.
Dimensions 21cm(Hb)
650 ## - SUBJECT ADDED ENTRY--TOPICAL TERM
Topical term or geographic name as entry element اردو ادب
9 (RLIN) 115559
650 ## - SUBJECT ADDED ENTRY--TOPICAL TERM
Topical term or geographic name as entry element اردو سونے عمری
9 (RLIN) 108484
650 ## - SUBJECT ADDED ENTRY--TOPICAL TERM
Topical term or geographic name as entry element Urdu literature
9 (RLIN) 115560
650 ## - SUBJECT ADDED ENTRY--TOPICAL TERM
Topical term or geographic name as entry element Urdu Biography
9 (RLIN) 511
942 ## - ADDED ENTRY ELEMENTS (KOHA)
Source of classification or shelving scheme Dewey Decimal Classification
Koha item type Urdu Bks
Classification part 841.08
Call number suffix غ ا ل
Holdings
Withdrawn status Lost status Damaged status Not for loan Home library Current library Date acquired Source of acquisition Cost, normal purchase price Total Checkouts Full call number Barcode Date last seen Date checked out Copy number Cost, replacement price Price effective from Koha item type
        Central Library Central Library 30/12/2015 Cen Lib/Ret 50.00 2 841.08 غ ا ل A-794793 24/03/2019 10/03/2019 1 50.00 30/12/2015 Urdu Bks

© Delhi Public Library
Hit Counter
free hit counter